000 00610nam a2200181Ia 4500
003 Ost
005 20260507075659.0
008 260507s9999||||xx |||||||||||||| ||und||
020 _a9034328977
040 _cfsecg
041 _aara
100 _aمحمدين، جلال وفاء
_eمؤلف
245 0 _aالتحكيم بين المستثمر الاجنبي والدولة المضيفة للاستثمار /
_c جلال وفاء محمدين
260 _aالاسكندرية:
_bدار الجامعة الجديدة,
_c2001
300 _a119 صفحة؛
653 _aاستثمار
942 _cكتاب
999 _c45790
_d45790